| 000 | 00604nam a2200181 a 4500 | ||
|---|---|---|---|
| 001 | 000048616 | ||
| 005 | 20201002061259.0 | ||
| 008 | 190403s2016 dr 000 0 spa d | ||
| 020 | _a9789945086768 | ||
| 040 |
_aDO-SdBNP _bspa _cBNPHU |
||
| 082 |
_axx _bxx |
||
| 100 | 1 |
_aCabrera, Altagracia _d1956- _976072 |
|
| 245 | 1 | 0 |
_a¡Dios, hazme "blanca"! : _brogaba la niña "negra" / _cAltagracia Cabrera. |
| 260 |
_aSanto Domingo : _bTalleres Gráficos 16, _c2016. |
||
| 300 |
_a167 p. ; _c23 cm. |
||
| 500 | _aIncluye datos biográficos del autor en la solapa de la cubierta | ||
| 590 | _aInventariado, 2019/VM | ||
| 999 |
_c48104 _d48104 |
||